Größte Städte der Welt nach Buchstabe - C - Statistiken

Allgemein
  • Dieses Quiz wurde 6.790 mal gespielt
  • Das Durchschnittsergebnis liegt bei 7 aus 20
Antwortstatistiken
Land Bevölkerung Stadt % Korrekt
USA 9,75 Mio. Chicago
92%
Venezuela 3,75 Mio. Caracas
77%
Marokko 4,33 Mio. Casablanca
70%
Sri Lanka 4,75 Mio. Colombo
60%
Indien 10,7 Mio. Chennai
46%
Guinea 2,38 Mio. Conakry
38%
China 9,30 Mio. Chengdu
34%
USA 2,75 Mio. Cincinnati
34%
Kolumbien 3,00 Mio. Cali
28%
USA 3,05 Mio. Cleveland
28%
USA 2,38 Mio. Charlotte
27%
China 7,80 Mio. Chongqing
25%
Bangladesch 4,73 Mio. Chittagong
24%
Brasilien 3,35 Mio. Curitiba
20%
Philippinen 2,60 Mio. Cebu
16%
China 4,55 Mio. Changsha
12%
Brasilien 3,13 Mio. Campinas
8%
China 3,65 Mio. Changchun
8%
Indien 2,58 Mio. Coimbatore
7%
China 2,75 Mio. Changzhou
6%
Keine übereinstimmenden Quizze gefunden
Verteilung der Resultate
Anzahl Personen mit jedem Resultat
Perzentil nach korrekt beantworteten Fragen
Ihre Resultats-Entwicklung
Sie haben dieses Quiz noch nicht gespielt